Т. 3 : Милос-Союз ССР; Краткая географическая энциклопедия

Bibliografiske detaljer
Parent link:Краткая географическая энциклопедия: в 5 т./ гл. ред. А. А. Григорьев. Т. 3 : Милос-Союз ССР.— , 1960-1966
Sprog:russisk
Udgivet: 1962
Fag:
Format: MixedMaterials Bog
KOHA link:https://koha.lib.tpu.ru/cgi-bin/koha/opac-detail.pl?biblionumber=92738

MARC

LEADER 00000nam2a2200000 4500
001 92738
005 20231031104824.0
035 |a (RuTPU)RU\TPU\book\99343 
035 |a RU\TPU\book\99341 
090 |a 92738 
100 |a 20060317d1962 km y0rusy50 ca 
101 0 |a rus 
102 |a RU 
105 |a ab f 001zy 
200 0 |a Т. 3 : Милос-Союз ССР 
210 |d 1962 
215 |a 580 с.  |c ил., карта 
461 1 |0 (RuTPU)RU\TPU\book\99336  |t Краткая географическая энциклопедия  |o в 5 т.  |f гл. ред. А. А. Григорьев  |v Т. 3 : Милос-Союз ССР  |d 1960-1966  |s Энциклопедии. Словари. Справочники 
610 1 |a география 
610 1 |a естественные науки 
610 1 |a географические энциклопедии 
610 1 |a страны мира 
610 1 |a население 
610 1 |a физическая география 
610 1 |a СССР 
610 1 |a экономическая география 
610 1 |a путешественники 
610 1 |a биографии 
610 1 |a открытия 
610 1 |a энциклопедии 
675 |a 91(031)  |v 3 
801 1 |a RU  |b 63413507  |c 20060317  |g PSBO 
801 2 |a RU  |b 63413507  |c 20120706  |g PSBO 
942 |c BK